[Event "Olympiad-43"]
[Site "Batumi"]
[Date "2018.10.02"]
[Round "8.2"]
[White "Wazwaz, Amjad"]
[Black "Chavez, Ricardo Ernesto"]
[Result "1-0"]
[WhiteElo "1986"]
[BlackElo "2244"]
[PlyCount "71"]
[EventDate "2018.09.24"]
[EventType "team-swiss"]
[EventRounds "11"]
[EventCountry "GEO"]
[SourceTitle "CBM 187"]
[Source "ChessBase"]
[SourceDate "2018.12.11"]
[SourceVersion "1"]
[SourceVersionDate "2018.12.11"]
[SourceQuality "1"]
[WhiteTeam "Palestine"]
[BlackTeam "El Salvador"]
[WhiteTeamCountry "PLE"]
[BlackTeamCountry "ESA"]

1. d4 Nf6 2. Nf3 c5 3. d5 e6 4. c4 exd5 5. cxd5 d6 6. Nc3 g6 7. e4 Bg7 8. Bb5+ Nbd7 9. 0-0 0-0 10. Bg5 h6 11. Bf4 Qe7 12. Re1 g5 13. Bxd6 Qxd6 14. e5 Qb6 15. e6 a6 16. Qa4 Rd8 17. Rad1 Rb8 18. Bxd7 Nxd7 19. e7 Re8 20. d6 Qc6 21. Qc2 b5 22. Ne4 Bb7 23. Ng3 Ne5 24. Rxe5 Bxe5 25. Nf5 Bd4 26. Nxh6+ Kg7 27. Nf5+ Kf6 28. Re1 Rh8 29. Qd2 Rhg8 30. Nh6 Rg6 31. h4 gxh4 32. Qf4+ Kg7 33. Nf5+ Kg8 34. d7 Qxf3 35. e8Q+ Kh7 36. Qxh4+ 1-0

[Event "Olympiad-43"]
[Site "Batumi"]
[Date "2018.09.24"]
[Round "1.45"]
[White "Stefansson, Hannes"]
[Black "Wazwaz, Amjad"]
[Result "1-0"]
[WhiteElo "2502"]
[BlackElo "1986"]
[PlyCount "87"]
[EventDate "2018.09.24"]
[EventType "team-swiss"]
[EventRounds "11"]
[EventCountry "GEO"]
[SourceTitle "CBM 187"]
[Source "ChessBase"]
[SourceDate "2018.12.11"]
[SourceVersion "1"]
[SourceVersionDate "2018.12.11"]
[SourceQuality "1"]
[WhiteTeam "Iceland"]
[BlackTeam "Palestine"]
[WhiteTeamCountry "ISL"]
[BlackTeamCountry "PLE"]

1. d4 Nf6 2. c4 g6 3. Nf3 Bg7 4. g3 0-0 5. Bg2 d6 6. 0-0 Nc6 7. Nc3 e5 8. d5 Ne7 9. Ne1 Nd7 10. e4 f5 11. Nd3 fxe4 12. Nxe4 Nf6 13. Bg5 Nf5 14. Qd2 Nxe4 15. Bxe4 Qe8 16. Rae1 Nd4 17. f3 Bh3 18. Rf2 Bf5 19. Qd1 h6 20. Be3 Bxe4 21. fxe4 Rxf2 22. Bxf2 Qf7 23. Bxd4 exd4 24. Nf4 c5 25. Ne6 Be5 26. Rf1 Qe7 27. Qg4 Kh7 28. Qf3 Kg8 29. Qg4 Kh7 30. Qh3 Re8 31. Rf3 Bg7 32. a4 Rf8 33. Nxf8+ Bxf8 34. Qe6 Qd8 35. Rf7+ Bg7 36. Qe7 Qxe7 37. Rxe7 Kg8 38. Rxb7 d3 39. Kf2 Bd4+ 40. Ke1 Bg1 41. h3 Bh2 42. g4 a5 43. Kd2 Bg3 44. Ra7 1-0